LEADER 01037nam0-2200289---450- 001 990009788030403321 005 20131111130215.0 035 $a000978803 035 $aFED01000978803 035 $a(Aleph)000978803FED01 035 $a000978803 100 $a20131111d1955----km-y0itay50------ba 101 0 $aita 102 $aIT 105 $ay-------001yy 200 1 $aRelazione sulle ricerche eseguite sulle condizioni nivali nella regione dello Spluga dall'autunno 1953 all'estate 1954$fGiuseppe Nangeroni 210 $aS. l.$cs. n.$d1955 215 $ap. 261-268$d24 cm 300 $aEstr. da: Bollettino del Comitato glaciologico italiano. 2. Serie, 1955, n. 6 700 1$aNangeroni,$bGiuseppe$f<1892-1987>$034020 801 0$aIT$bUNINA$gRICA$2UNIMARC 901 $aBK 912 $a990009788030403321 952 $aDono Fondi N-010$bIst. s.i.$fILFGE 959 $aILFGE 996 $aRelazione sulle ricerche eseguite sulle condizioni nivali nella regione dello Spluga dall'autunno 1953 all'estate 1954$9833443 997 $aUNINA LEADER 01212nam0 22002651i 450 001 UON00036750 005 20231205102126.500 100 $a20020107d1997 |0itac50 ba 101 $aita 102 $aIT 105 $a|||| 1|||| 200 1 $aMatteo Ripa, Carlo VI, la Compagnia di Ostenda e il progetto di fondazione a Napoli di un Collegio dei Cinesi$fMichele Fatica 210 $aNapoli$cnella sede dell'Istituto$d1997 215 $a29 p.$d22 cm. 606 $aOrientalismo$xItalia$xMatteo Ripa$3UONC017223$2FI 620 $aIT$dNapoli$3UONL000012 686 $aGEN F I$cGENERALIA - STORIA DELL'ORIENTALISMO$2A 700 1$aFatica$bMichele$3UONV008415$080358 712 $aR. Istituto Orientale in Napoli$3UONV265274$4650 801 $aIT$bSOL$c20260313$gRICA 899 $aSIBA - SISTEMA BIBLIOTECARIO DI ATENEO E ARCHIVIO STORICO$2UONSI 912 $aUON00036750 950 $aSIBA - SISTEMA BIBLIOTECARIO DI ATENEO E ARCHIVIO STORICO$dSI GEN F I 067 $eSI SA 85377 7 067 996 $aMatteo Ripa, Carlo VI, la compagnia di Ostenda e il progetto di fondazione a Napoli di un Collegio dei cinesi$9411517 997 $aUNIOR